| 000 | 01621nam a2200325 a 4500 | ||
|---|---|---|---|
| 001 | BRCA_3343 | ||
| 005 | 20190320204232.0 | ||
| 008 | 250309s1885----enk#---###---#000-0#eng-# | ||
| 041 | _aeng | ||
| 044 | _aenk | ||
| 084 |
_a637 _b.S65 _c1885 |
||
| 100 | 1 |
_aCervantes Saavedra, Miguel de _d1547-1616 _9213 |
|
| 245 | 1 | 0 |
_aThe Ingenious Gentleman Don Quixote of la Mancha _cBy Miguel de Cervantes Saavedra; A Translation with Introduction and Notes by John Ormsby. |
| 260 |
_aLondres _bElder Smith and Co. _c1885 |
||
| 300 |
_a4 v. _c23 cm. |
||
| 500 | _aContenido : v.1. Primera parte. Mapa. Biografía de Cervantes y Don Quijote por Ormsby. Prólogo del autor. Versos preliminares. Notas. -- v.2. Primera parte. Texto. Notas. -- v.3. Segunda parte. Prólogo del autor. Notas. -- v.4. Segunda parte. Texto. Notas. Apéndices: I. Probervios de Don Quijote II. Libros de caballería españoles III. Bibliografía de las ediciones y traducciones del Quijote | ||
| 500 | _aEjemplar por completo igual al anterior [636]. Tela Lúdovik Osterc | ||
| 500 | _aEstado físico : v.1 lomo desprendido, v.4 lomo deteriorado | ||
| 500 | _aCon ex-libris de : Ancore Weybridge | ||
| 500 | _aQM485 | ||
| 546 | _aTexto en : inglés | ||
| 650 | 1 | 4 |
_aNovela española _yÉpoca clásica, 1500-1700 _9215 |
| 650 | 1 | 4 |
_aLiteratura española _yÉpoca clásica, 1500-1700 _9216 |
| 650 | 1 | 4 |
_aNovela española _ySiglo XVII _9217 |
| 650 | 1 | 4 |
_aDon Quijote (Personaje ficticio) _eNovela _9218 |
| 700 | 1 |
_aOrmsby, John _d1829-1895 _eEditor _98829 |
|
| 740 | 0 | _aEl Ingenioso Hidalgo Don Quijote de la Mancha | |
| 902 | _aQFM | ||
| 942 |
_2lcc _cB |
||
| 999 |
_c3079 _d3079 |
||